[Event "GER-ch Net blitz qual1"]
[Site "Playchess.com INT"]
[Date "2020.03.07"]
[Round "4"]
[White "Bonsen, Andreas"]
[Black "Boos, Markus"]
[Result "0-1"]
[WhiteElo "1902"]
[BlackElo "2153"]
[PlyCount "52"]
[EventDate "2020.03.07"]
[EventType "swiss (blitz)"]
[EventRounds "9"]
[EventCountry "GER"]
[SourceTitle "CBM 195 Extra"]
[Source "ChessBase"]
[SourceDate "2020.05.31"]
[SourceVersion "1"]
[SourceVersionDate "2020.05.31"]
[SourceQuality "1"]

1. d4 Nf6 2. Bf4 g6 3. Nc3 d5 4. Qd2 h6 5. 0-0-0 Bg7 6. f3 c6 7. e4 b5 8. exd5 Nxd5 9. Nxd5 Qxd5 10. Kb1 Be6 11. b3 a5 12. c4 Bf5+ 13. Kb2 bxc4 14. Bxc4 Qd7 15. g4 Be6 16. Be5 0-0 17. Bxg7 Kxg7 18. Ne2 a4 19. Bxe6 Qxe6 20. Nf4 Qd6 21. d5 axb3 22. Qd4+ Kh7 23. a4 c5 24. Qc4 Nd7 25. Nd3 Nb6 26. Qxc5 Nxa4+ 0-1

[Event "Hofheim Spring op 6th"]
[Site "Hofheim"]
[Date "2018.04.04"]
[Round "3"]
[White "Bonsen, Andreas"]
[Black "Day, Thomas W"]
[Result "0-1"]
[WhiteElo "2047"]
[BlackElo "2013"]
[PlyCount "92"]
[EventDate "2018.04.03"]
[EventType "swiss"]
[EventRounds "9"]
[EventCountry "GER"]
[SourceTitle "CBM 183 Extra"]
[Source "ChessBase"]
[SourceDate "2018.04.19"]
[SourceVersion "1"]
[SourceVersionDate "2018.04.19"]
[SourceQuality "1"]

1. d4 Nf6 2. Bf4 c5 3. e3 e6 4. Nf3 Nc6 5. c4 cxd4 6. exd4 Qb6 7. Bc1 Bb4+ 8. Nc3 d5 9. a3 Bxc3+ 10. bxc3 Ne4 11. Qc2 0-0 12. Bd3 f5 13. 0-0 Bd7 14. Bf4 Qd8 15. Ne5 Rc8 16. f3 Nf6 17. Nxd7 Qxd7 18. c5 h6 19. Rab1 g5 20. Bd2 Qg7 21. Kh1 Rce8 22. Bb5 Qc7 23. Rb2 Rb8 24. Re1 Nd8 25. g3 Kg7 26. Qc1 Rh8 27. Re5 b6 28. c6 Qd6 29. c4 Nxc6 30. Bc3 dxc4 31. Bxc6 Qxc6 32. d5 exd5 33. Rxf5 Rhf8 34. Re2 Rf7 35. Qe1 d4 36. Bxd4 Qd7 37. Rxf6 Qxd4 38. Rxf7+ Kxf7 39. Re7+ Kf8 40. Qe6 Qd1+ 41. Kg2 Qd2+ 42. Kh3 g4+ 43. Kxg4 Qg5+ 44. Kh3 Qxe7 45. Qxh6+ Kg8 46. Qg6+ Kh8 0-1

[Event "Oberliga Ost-B 0405"]
[Site "Germany"]
[Date "2005.04.09"]
[Round "10.8"]
[White "Bonsen, Andreas"]
[Black "Reichel, Norbert"]
[Result "0-1"]
[WhiteElo "2045"]
[BlackElo "2135"]
[PlyCount "46"]
[EventDate "2004.10.10"]
[EventType "team-tourn"]
[EventRounds "11"]
[EventCountry "GER"]
[SourceTitle "EXT 2006"]
[Source "ChessBase"]
[SourceDate "2005.11.24"]
[SourceVersion "1"]
[SourceVersionDate "2005.11.24"]
[SourceQuality "1"]
[WhiteTeam "Wiesbaden Dotzheim"]
[BlackTeam "Erfurt Medizin"]
[WhiteTeamCountry "GER"]
[BlackTeamCountry "GER"]

1. d4 Nf6 2. Bf4 g6 3. Nc3 c5 4. d5 d6 5. Qd2 Bg7 6. 0-0-0 Qa5 7. Kb1 b5 8. f3 b4 9. Ne4 Nxe4 10. fxe4 c4 11. Bh6 Bxb2 12. e3 Bc3 13. Qc1 Ba6 14. Ne2 Bf6 15. Nd4 Nd7 16. g4 Nc5 17. Nc6 Qa4 18. e5 Ne4 19. Qb2 Nc3+ 20. Kc1 Nxa2+ 21. Kb1 Nc3+ 22. Kc1 Nxd1 23. exf6 Nxb2 0-1

[Event "Karl Mala Memorial op 08th"]
[Site "Frankfurt"]
[Date "2004.07.23"]
[Round "3"]
[White "Uwira, Oliver"]
[Black "Bonsen, Andreas"]
[Result "1-0"]
[WhiteElo "2179"]
[BlackElo "1889"]
[PlyCount "123"]
[EventDate "2004.07.22"]
[EventType "swiss"]
[EventRounds "7"]
[EventCountry "GER"]
[SourceTitle "EXT 2005"]
[Source "ChessBase"]
[SourceDate "2004.11.15"]
[SourceVersion "1"]
[SourceVersionDate "2004.11.15"]
[SourceQuality "1"]

1. Nf3 d5 2. c4 c6 3. b3 e6 4. Bb2 f5 5. g3 Nf6 6. Bg2 Bd6 7. 0-0 0-0 8. d3 Bd7 9. Nbd2 Be8 10. e4 Bc7 11. Ba3 dxe4 12. dxe4 fxe4 13. Ng5 Bh5 14. Qe1 Re8 15. Ndxe4 h6 16. Nxf6+ Qxf6 17. Ne4 Qf7 18. Qb4 b6 19. Nd6 a5 20. Qc3 Bxd6 21. Bxd6 Qb7 22. Qe5 Bf7 23. Qe4 Rc8 24. Rad1 Nd7 25. Ba3 Nf6 26. Qh4 Rd8 27. Bb2 Rxd1 28. Rxd1 Ne8 29. Rd8 Rc8 30. Rxc8 Qxc8 31. Qe7 c5 32. Be5 Nf6 33. Qc7 Qd7 34. Qxd7 Nxd7 35. Bc7 a4 36. Bc6 axb3 37. axb3 Be8 38. f4 Kf7 39. Bxd7 Bxd7 40. Bxb6 e5 41. fxe5 Ke6 42. Bxc5 Kxe5 43. Bf8 h5 44. Bxg7+ Ke4 45. Kf2 Be6 46. Ke2 Bf7 47. Kd2 Be6 48. Kc3 Bd7 49. b4 Bc8 50. b5 Bb7 51. Kb4 Ba8 52. Kc5 Kd3 53. b6 Bb7 54. Kd6 Kxc4 55. Kc7 Ba6 56. b7 Bxb7 57. Kxb7 Kd5 58. Kc7 Ke6 59. Kc6 Kf5 60. Kd5 Kg4 61. Bf6 Kf5 62. Bh4 1-0

[Event "Nuremberg-ch op 02nd"]
[Site "Nuremberg"]
[Date "2002.06.22"]
[Round "2"]
[White "Bonsen, Andreas"]
[Black "Werner, Bernd Michael"]
[Result "1/2-1/2"]
[WhiteElo "1864"]
[BlackElo "2179"]
[PlyCount "119"]
[EventDate "2002.06.21"]
[EventType "swiss"]
[EventRounds "5"]
[EventCountry "GER"]
[SourceTitle "EXT 2006"]
[Source "ChessBase"]
[SourceDate "2005.11.24"]
[SourceVersion "1"]
[SourceVersionDate "2005.11.24"]
[SourceQuality "1"]

1. d4 Nf6 2. Bf4 g6 3. Nc3 Bg7 4. Qd2 d6 5. 0-0-0 a6 6. f3 b5 7. e4 Be6 8. Kb1 c6 9. g4 Qa5 10. b3 Qb6 11. Be3 Qc7 12. h4 c5 13. dxc5 dxc5 14. Bxc5 Nc6 15. Be3 b4 16. Na4 Rd8 17. Bd3 Qe5 18. f4 Qb8 19. e5 Nd5 20. Ne2 Nxe5 21. fxe5 Bxg4 22. Bd4 0-0 23. Qg5 Qc8 24. Bxa6 Qxa6 25. Qxg4 f5 26. Qf3 e6 27. Nc5 Qc6 28. Rhf1 f4 29. Qg4 f3 30. Nc1 Rf5 31. N1d3 Nc3+ 32. Bxc3 bxc3 33. Qc4 Rd5 34. Ne4 Qxc4 35. bxc4 Rd4 36. Nd6 Rf8 37. c5 Rb8+ 38. Ka1 Ra4 39. Rb1 Rba8 40. Nb4 Bxe5 41. Nc4 Bc7 42. Rxf3 Rb8 43. Nb6 Bxb6 44. cxb6 Rxb6 45. Nd3 Rxb1+ 46. Kxb1 Rxh4 47. a3 h5 48. Nf4 Rh1+ 49. Ka2 g5 50. Nxe6 g4 51. Rf5 Kh7 52. Nf4 Kh6 53. a4 g3 54. a5 Rh4 55. Ng2 Rg4 56. Rf3 Kg5 57. Rxc3 h4 58. Rc5+ Kg6 59. Rc6+ Kg5 60. Rc5+ 1/2-1/2